| 000 | 00336nam a22001217a 4500 | ||
|---|---|---|---|
| 082 |
_a823 _bPAI/A |
||
| 100 | _aPAI, ANAND | ||
| 245 | _aANDHAKA: THE DARK LORD WHO SAW LIGHT | ||
| 246 |
_aANDHAKA: THE DARK LORD WHO SAW LIGHT _bANDHAKA: THE DARK LORD WHO SAW LIGHT |
||
| 260 |
_aMUMBAI _bAMARCHITHRAKATHA _c2022 |
||
| 300 | _a31 | ||
| 942 | _cBK | ||
| 999 |
_c8620 _d8620 |
||